000
00254nam a22001217a 4500
008
170801b xxu||||| |||| 00| 0 eng d
041
_a
eng
080
_a
004
100
_a
32
101
_a
SHK
245
_a
ABC FLOWCHARTER
_c
SCHMIDT,J
942
_2
udc
_c
BK
999
_c
22459
_d
22459